Statystyki dla TOP 100 POLSKIEGO RAPU

Kliknij tutaj aby rozwiązać quiz!

Ogólne statystyki

  • Ten quiz został rozwiązany 5 262 razy
    (1 460 od ostatniego zresetowania)
  • Średni wynik to 42 z 100

Statystyki odpowiedzi

#WyświetleniaWykonawca (rok)Tytuł% Poprawnych
1167 731 529Tymek (2018)Język Ciała
89%
10112 318 270White 2115 (2018)California
87%
3132 327 239Kizo (2021)DISNEY
86%
2137 615 834GrubSon (2009)Na szczycie
86%
13108 298 339TACONAFIDE (2018)Tamagotchi
74%
15104 931 206Sobel (2019)Impreza
72%
5164 695 813Mata (2019)Patointeligencja
72%
5119 256 006TYMEK (2019)Anioły i demony
69%
3679 563 464Mata (2021)Patoreakcja
69%
12112 014 137Paluch (2016)SZAMAN
69%
2388 867 698QBIK (2016)4 Pory Roku
65%
8114 823 274Quebonafide (2017)Half dead
63%
3082 663 727Mata (2021)Kiss cam
63%
7115 777 545TYMEK (2019)RAINMAN
61%
2197 599 781ReTo (2018)UA
61%
3281 854 054Sobel (2021)Fiołkowe pole
60%
2883 463 980TACONAFIDE (2018)8 Kobiet
59%
9114 189 881Deemz (2017)Eldorado
59%
2586 922 845ReTo (2016)Papierosy_rmx
59%
4471 152 277Mata (2019)Schodki
59%
2488 556 879Sarius (2018)Wiking
59%
2784 209 824GUZIOR (2020)F A L A
58%
4122 420 691Paluch (2013)Bez Strachu
57%
2296 395 180Otsochodzi (2017)Nie, nie
57%
4074 677 692Young Igi (2018)Bestia
56%
4769 270 028Mr. Polska (2022)Złote Tarasy
56%
1999 565 889Smolasty (2021)Duże Oczy
55%
2982 887 820GUZIOR (2020)B L U E B E R R Y
53%
4174 157 427ReTo (2020)Billy Kid
52%
18100 832 638Tymek (2019)Poza kontrolą
52%
3480 621 413Popek (2015)Wodospady
52%
5064 725 436chillwagon (2019)@
51%
2098 462 773Quebonafide (2017)Candy
51%
4869 247 431Szpaku (2018)Hinata
50%
5562 083 767ReTo (2016)Bossman
49%
5960 960 275TACONAFIDE (2018)Kryptowaluty
49%
17101 067 137BLACHA (2018)Mademoiselle
49%
5861 144 857Otsochodzi (2017)Nowy Kolor
49%
4371 463 308GUZIOR (2018)Płuca Zlepione Topami
47%
3182 532 410BLACHA (2018)Casablanca
46%
11112 131 688K2 (2014)1 moment
45%
7852 437 524SB Maffija (2022)Lawenda
45%
4669 497 258Young Igi (2017)Mówiłaś
45%
3975 595 469Wiatr (2020)Testarossa
45%
3381 025 866Bedoes (2019)Jesteś ładniejsza niż na zdjęciach
44%
4272 297 235Szpaku (2020)#Hot16Challenge2
43%
2685 892 118ZBUKU (2014)Młoda krew
43%
3580 228 164Ganja Mafia (2015)Mój Ziomek
42%
9446 993 276Sobel (2020)Kinol
41%
14104 988 145Paluch (2016)Gdybyś kiedyś
40%
6118 593 804KaeN (2014)Zbyt wiele
40%
8649 593 050Gibbs (2022)Piękny świat
39%
4969 233 927KALI (2018)30 KMH
37%
5761 616 684Mata (2021)Papuga
37%
9546 812 384ReTo (2018)RS7
37%
9746 480 940Quebonafide (2020)BUBBLETEA
36%
9348 212 799Żabson (2017)Księżniczki
36%
7355 627 394Malik Montana (2019)Robię Yeah
36%
3877 786 703Gang Albanii (2015)Dla Prawdziwych Dam
35%
7256 041 055Kabe (2020)Nad ranem
35%
3777 888 374Chada (2014)Żyć aż do bólu
34%
7454 401 685Taco Hemingway (2016)Deszcz na betonie
33%
8949 146 286Żabson (2019)Floyd Mayweather
33%
7752 849 107Malik Montana (2019)Jagodzianki
33%
5363 643 328Bedoes (2017)05:05
32%
7653 466 583Gedz (2019)Bali
32%
6259 975 288Sitek (2016)Chcemy Być Wyżej
32%
5661 618 031Sokół (2018)Chcemy Być Wyżej
32%
16103 465 830Sobel (2021)Cześć, jak się masz?
32%
7952 394 329White 2115 (2019)Mogę dziś umierać
32%
6459 089 750ReTo (2018)Sorry Dolores
32%
8550 031 841SB Maffija (2020)A nie pamiętasz jak?
31%
8051 171 737kartky (2019)koszmar minionego lata
30%
9646 787 112Szpaku (2018)UFO
29%
5462 546 624ZBUKU (2013)Do końca
28%
6060 242 089Szpaku (2018)Oddajemy krew Wampirom
28%
6359 095 591Smolasty (2018)Uzależniony
28%
6757 668 586Paluch (2017)Kontrola Jakości
27%
9248 341 125Mata (2020)GOMBAO 33
26%
9048 758 265GUZIOR (2018)Ninja
26%
6657 772 278Magiera (2021)Drobna zabawa
24%
8450 145 147Smolasty (2018)Fake Love
24%
7156 178 984Gang Albanii (2015)Albański raj
23%
9946 178 625Smolasty (2022)Pijemy za lepszy czas
22%
7056 394 330QBIK (2019)Taka Dama
21%
8350 531 004Paluch (2017)CARDIO
20%
4570 496 230Sobota (2015)Jeszcze będzie hajc
19%
9148 409 314PRO8L3M (2016)Molly
19%
8151 032 173MIYO (2019)Będzie lepiej
18%
9846 340 681Pięć Dwa (2010)TO MY POLACY
17%
10046 165 183Sokół (2008)W aucie
17%
5263 710 661Sobel (2019)Wyglądasz tak pięknie
17%
6160 235 867Paluch (2017)DYM
16%
6857 361 207Paluch (2018)Balans
15%
6558 333 988Sobel (2020)Każdego dnia
15%
8849 528 744Sobota (2015)Przepraszam
15%
7553 703 607POPEK MONSTER (2014)DIRTY DIANA
14%
6957 282 811Ganja Mafia (2013)Gdy Ujrzałem Drogę
9%
8250 691 066KaeN (2017)Echo
7%
8749 574 965Buka (2015)Obiecuję Ci
6%

Rozkład punktacji

Percentyl według liczby udzielonych odpowiedzi

Procent ludzi z każdym wynikiem

Twoja historia wyników

Nie rozwiązałeś tego quizu od ostatniego zresetowania